|
|
|
|
| LEADER |
00000nam0a2200000 4500 |
| 001 |
261534 |
| 005 |
20231031221649.0 |
| 010 |
|
|
|a 528200285Х
|
| 035 |
|
|
|a (RuTPU)RU\TPU\book\284515
|
| 090 |
|
|
|a 261534
|
| 100 |
|
|
|a 20140523d1988 k y0rusy50 ca
|
| 101 |
0 |
|
|a rus
|
| 102 |
|
|
|a RU
|
| 105 |
|
|
|a y z 000zy
|
| 200 |
1 |
|
|a Разрешение экономических противоречий социализма
|f Н. Д. Колесов, В. Ф. Щербина
|
| 210 |
|
|
|a Москва
|c Экономика
|d 1988
|
| 215 |
|
|
|a 255 с.
|
| 333 |
|
|
|a Исключено из фонда НТБ ТПУ
|
| 700 |
|
1 |
|a Колесов
|b Н. Д.
|g Николай Дмитриевич
|
| 701 |
|
1 |
|a Щербина
|b В. Ф.
|g Владимир Федорович
|
| 801 |
|
1 |
|a RU
|b 63413507
|c 20140523
|
| 801 |
|
2 |
|a RU
|b 63413507
|c 20220314
|g RCR
|
| 942 |
|
|
|c BK
|